000 00377nam a2200157Ia 4500
008 210210b1936 xxu||||| |||| 00| 0 eng d
041 _aeng
082 _a829/1177
100 _aUNDSET (Sigrid)
245 _aGunnars daughter
260 _aLondon
_bCassell and Company Ltd
_c1936
650 _aGunnars
650 _adaughter
690 _aEnglish Fiction
906 _a017788
999 _c137772
_d137772